Louisburg square /

Bibliographic Details
Main Author: Cutler, Robert, 1895-1974
Format: Book
Language:English
Published: New York : The Macmillan company, 1917.

MARC

Tag First Indicator Second Indicator Subfields
LEADER 00000cam a2200000 4500
001 in00000706721
005 20151016053108.0
008 760308s1917 nyuf 00011 eng
010 |a  17010857  
035 |a (OCoLC)02037906 
035 |9 ADB9318AM 
040 |a DLC  |c FDA  |d TXA  |d UtOrBLW 
049 |a TXAM  |c [10870] 
050 0 |a PZ3.C978  |b L 
090 |a PS3505.U985  |b L68 1917 
092 |a 813  |b C989 
100 1 |a Cutler, Robert,  |d 1895-1974. 
245 1 0 |a Louisburg square /  |c by Robert Cutler; illustrated by Elise Ames. 
264 1 |a New York :  |b The Macmillan company,  |c 1917. 
300 |a 6 pages ., 322 pages :  |b frontispiece, plates. ;  |c 19 cm. 
336 |a text  |b txt  |2 rdacontent 
337 |a unmediated  |b n  |2 rdamedia 
338 |a volume  |b nc  |2 rdacarrier 
999 |a MARS 
999 f f |s d98a070b-61d3-3c5f-a830-2b0fc2c8a94c  |i cd2a4156-6155-3292-bd00-7fc0b40ca82a  |t 0 
952 f f |p ric  |a Texas A&M University  |b Rellis Campus  |c Joint Library Facility  |d Remote Storage  |t 0  |e PS3505.U985 L68 1917  |h Library of Congress classification  |i unmediated -- volume  |m A14801233988 
998 f f |a PS3505.U985 L68 1917  |t 0  |l Remote Storage